| 000 | 00523nam a2200169 a 4500 | ||
|---|---|---|---|
| 001 | 000038478 | ||
| 005 | 20201002031255.0 | ||
| 008 | 130412s19uu dr a 000 0 spa d | ||
| 040 |
_aDO-SdBNP _bspa _cBNPHU |
||
| 100 | 1 |
_aCompres, Luis J. _964823 |
|
| 245 | 1 | 3 |
_aLa zoologĂa / _cLuis J. Compres. |
| 260 |
_aSanto Domingo : _bSaturno, _c[19-?]. |
||
| 300 |
_a226 p. : _bils. ; _c22 cm. |
||
| 490 | 1 |
_aI.A.S _vno. 3 |
|
| 500 | _aIncluye datos biográficos del autor en la solapa de la cubierta | ||
| 830 | 0 |
_aI.A.S _nno. 3 _964824 |
|
| 999 |
_c37968 _d37968 |
||